Adaptácia 3 administratívnych budov na Miletičovej ulici v Bratislave

Salvato in:
Dettagli Bibliografici
Autore principale: Goča, Martin (Autore)
Altri autori: Kusý, Martin (Relatore della tesi)
Natura: Manoscritto Libro
Lingua:slovacco
Pubblicazione: 2025
Soggetti:
Accesso online:http://is.stuba.sk/zp/portal_zp.pl?podrobnosti=185324
Tags: Aggiungi Tag
Nessun Tag, puoi essere il primo ad aggiungerne!!

MARC

LEADER 00000ntm a22000003a 4500
001 stuzp104925
003 SK-STU
005 20250607210954.5
007 ta
008 150427s2015----xo-----f-mn---000-0-slo-d
040 |a STU  |b slo 
041 0 |a slo 
100 1 |a Goča, Martin  |u 051110  |4 aut  |U FAD Fakulta architektúry a dizajnu  |T FAD Ústav architektúry obytných budov  |X 92832  |U A1110  |Y 392  |7 92832 
242 0 1 |a Adaptation of 3 administrative buildings on Miletičová Street in Bratislava  |y eng 
245 1 0 |a Adaptácia 3 administratívnych budov na Miletičovej ulici v Bratislave 
260 |c 2025 
650 4 |a administrative building  |2 eng 
650 4 |a skeleton  |2 eng 
650 4 |a residential building  |2 eng 
650 4 |a dormitory  |2 eng 
650 4 |a facade  |2 eng 
650 4 |a administratívna budova  |2 slo 
650 4 |a skelet  |2 slo 
650 4 |a bytová budova  |2 slo 
650 4 |a fasáda  |2 slo 
650 4 |a internát  |2 slo 
700 1 |a Kusý, Martin  |u 051110  |k Z1  |4 ths  |U FAD Fakulta architektúry a dizajnu  |T FAD Ústav architektúry obytných budov  |X 3763  |U A1110  |Y 392  |7 A000003763 
856 4 |u http://is.stuba.sk/zp/portal_zp.pl?podrobnosti=185324